Básnicky bydlí člověk : německo-česky

Saved in:
Bibliographic Details
Main Author Heidegger, Martin, 1889-1976 (Author)
Other Authors Chvatík, Ivan, 1941- (Translator)
Format Book
LanguageCzech
German
Published Praha : OIKOYMENH, 2021
EditionTřetí, opravené vydání
SeriesKnihovna novověké tradice a současnosti
Subjects
ISBN978-80-7298-339-1
978-80-7298-342-1
Physical Description203 stran ; 21 cm

Cover

LEADER 00000aam a2200000 i 4500
001 115767
003 CZ ZlUTB
005 20260605163601.0
007 ta
008 210525s2021 xr f 000 0 cze
015 |a cnb003325485 
020 |a 978-80-7298-339-1  |q (soubor ;  |q brožováno) 
020 |a 978-80-7298-342-1  |q (brožováno) 
040 |a OLA001  |b cze  |d ABA001  |d ZLD002  |e rda 
041 1 |a cze  |a ger  |h ger 
072 7 |a 101  |x Filozofie  |2 Konspekt  |9 5 
080 |a 101  |2 MRF 
080 |a 111  |2 MRF 
080 |a (042.3)  |2 MRF 
080 |a (081)  |2 MRF 
080 |a (0.027)=030  |2 MRF 
100 1 |a Heidegger, Martin,  |d 1889-1976  |7 jn19990009594  |4 aut 
245 1 0 |a Básnicky bydlí člověk :  |b německo-česky /  |c Martin Heidegger ; přeložil Ivan Chvatík 
250 |a Třetí, opravené vydání 
264 1 |a Praha :  |b OIKOYMENH,  |c 2021 
300 |a 203 stran ;  |c 21 cm 
336 |a text  |b txt  |2 rdacontent 
337 |a bez média  |b n  |2 rdamedia 
338 |a svazek  |b nc  |2 rdacarrier 
490 1 |a Knihovna novověké tradice a současnosti ;  |v svazek 53 
500 |a Pravděpodobně samostatně neprodejné, distribuováno ve třídílném souboru společně s: Konec filosofie a úkol myšlení a Co je metafyzika 
504 |a Obsahuje bibliografické odkazy 
546 |a V německých originálech se souběžným českým překladem 
650 0 7 |a filozofie  |7 ph114540  |2 czenas 
650 0 7 |a ontologie (filozofie)  |7 ph123746  |2 czenas 
650 0 9 |a philosophy  |2 eczenas 
650 0 9 |a ontology  |2 eczenas 
655 7 |a přednášky  |7 fd133199  |2 czenas 
655 7 |a sborníky  |7 fd724345  |2 czenas 
655 7 |a dvojjazyčná vydání  |7 fd194533  |2 czenas 
655 9 |a lectures  |2 eczenas 
655 9 |a collections of works  |2 eczenas 
655 9 |a bilingual editions  |2 eczenas 
700 1 |a Chvatík, Ivan,  |d 1941-  |7 jn20000400408  |4 trl 
700 1 2 |a Heidegger, Martin,  |d 1889-1976.  |t Dichterisch wohnet der Mensch  |7 aun2017964435 
700 1 2 |a Heidegger, Martin,  |d 1889-1976.  |t Dichterisch wohnet der Mensch.  |l Česky  |7 aun2017964437 
710 2 |a OIKOYMENH (nakladatelství)  |7 ko2003171949  |4 pbl 
830 0 |a Knihovna novověké tradice a současnosti 
910 |a ZLD002 
942 |2 udc 
952 |0 0  |1 0  |4 0  |5 0  |6 1HEIDEGGERM  |7 -1  |8 BOOK  |9 191466  |a UTBZL  |b UTBZL  |c 005  |d 2026-06-05  |l 0  |o 1/HEIDEGGER,M.  |p 420010202237  |r 2026-06-05 16:36:49  |v 166.00  |w 2026-06-05  |x N:nákup  |y 01 
992 |a BK  |b SKNEW 
999 |c 115767  |d 115767